| 000 | 00516nam a2200169 i 4500 | ||
|---|---|---|---|
| 001 | 24759 | ||
| 003 | ES-MaACL | ||
| 007 | t| | ||
| 008 | 021218s1972 xxr ||||1| eng d | ||
| 100 | 1 |
_aAntropov, Lev Ivanovich. _921999 |
|
| 245 | 1 | 0 |
_aTheoretical electrochemistry / _cL. I. Antropov ; translated from the russian by Artavaz Beknazarov. |
| 250 | _a[1st ed.]. | ||
| 260 |
_aMoscĂș : _bMir, _c[1972] |
||
| 300 |
_a568 p. ; _c22 cm. |
||
| 700 | 1 |
_aBeknazarov, Artavaz. _927105 |
|
| 852 |
_aES-MaACL _jE-5360 _bR.89378 |
||
| 999 |
_c24759 _d24759 |
||